Non-Native English Speaking Countries with Best English Proficiency - Statistics

General Stats
  • This quiz has been taken 349 times
  • The average score is 11 of 15
Answer Stats
Country % Correct
Sweden
96%
Norway
95%
Denmark
94%
Finland
94%
Germany
94%
Netherlands
94%
Austria
80%
Poland
73%
Luxembourg
67%
Estonia
60%
Singapore
55%
Portugal
54%
Slovenia
46%
Malaysia
35%
Argentina
28%
No matching quizzes found
Score Distribution
Percent of People with Each Score
Percentile by Number Answered
Your Score History
You have not taken this quiz